Vista normal Vista MARC

Entrada Personal Name

Número de registros utilizados en: 1

001 - CONTROL NUMBER

  • control field: 2736

003 - CONTROL NUMBER IDENTIFIER

  • control field: OSt

005 - DATE AND TIME OF LATEST TRANSACTION

  • control field: 20200407220240.0

008 - FIXED-LENGTH DATA ELEMENTS

  • fixed length control field: 200407|| aca||aabn | a|a d

040 ## - CATALOGING SOURCE

  • Original cataloging agency: OSt
  • Transcribing agency: OSt

100 ## - HEADING--PERSONAL NAME

  • Personal name: López Obregón, Clara Eugenia,

670 ## - SOURCE DATA FOUND

  • Source citation: Work cat.: (OSt)5165: López Obregón, Clara Eugenia, autora, Economía de los derechos / , 2009